Statistics for Biggest City by Island

Click here to take the quiz!

General Stats

  • This quiz has been taken 31,060 times
    (25,631 since last reset)
  • The average score is 12 of 21

Answer Stats

Island Largest City % Correct
Great BritainLondon
100%
IrelandDublin
97%
CubaHavana
94%
OahuHonolulu
88%
JavaJakarta
81%
Long IslandNew York City
77%
CyprusNicosia
70%
SicilyPalermo
64%
Puerto RicoSan Juan
60%
LuzonManila
59%
South Island (New Zealand)Christchurch
59%
HispaniolaSanto Domingo
58%
TasmaniaHobart
51%
MallorcaPalma
46%
Vancouver IslandVictoria
38%
ZealandCopenhagen
38%
NewfoundlandSt. John's
35%
CreteHeraklion
31%
SardiniaCagliari
27%
BaliDenpasar
23%
Hawaii (Big Island)Hilo
22%

Score Distribution

Percentile by Number Answered

Percent of People with Each Score

Your Score History

You have not taken this quiz since the last reset